|
|
|
|
| LEADER |
00000cam a2200000 7i4500 |
| 001 |
0000001165 |
| 005 |
20140116.0 |
| 020 |
0 |
0 |
|a 0070213380
|
| 090 |
0 |
0 |
|a 634.96
|b EDM 2000
|
| 100 |
1 |
0 |
|a EDMONDS
|h Robert L.
|
| 245 |
1 |
0 |
|a Forest health and protection
|c Robert L. Edmonds, James K. Agee, Robert I. Gara
|
| 260 |
0 |
0 |
|a Boston :
|b McGraw-Hill ,
|c 2000
|
| 300 |
|
|
|a xvii, 630 p. :
|b ill., maps ;
|c 24 cm.
|
| 440 |
0 |
0 |
|a McGraw-Hill series in forestry
|
| 500 |
0 |
0 |
|a Includes bibliographical references and index
|
| 650 |
0 |
0 |
|a Forest ecology
|
| 650 |
0 |
0 |
|a Forest health
|
| 650 |
0 |
0 |
|a Forest protection
|
| 700 |
0 |
1 |
|a Agee
|h James K.
|
| 700 |
0 |
1 |
|a Gara
|h Robert I.
|
| 998 |
|
|
|a JPSM
|
| 999 |
|
|
|a 0000002110
|b Monograph
|c Open Shelf
|e Default branch
|